<?xml version="1.0" encoding="UTF-8"?>
<record
    xmlns:xsi="http://www.w3.org/2001/XMLSchema-instance"
    xsi:schemaLocation="http://www.loc.gov/MARC21/slim http://www.loc.gov/standards/marcxml/schema/MARC21slim.xsd"
    xmlns="http://www.loc.gov/MARC21/slim">

  <leader>00707nam a22001817a 4500</leader>
  <controlfield tag="003">SEACOMMC</controlfield>
  <controlfield tag="005">20251106120325.0</controlfield>
  <controlfield tag="008">240911b        |||||||| |||| 00| 0 eng d</controlfield>
  <datafield tag="020" ind1=" " ind2=" ">
    <subfield code="a">                                                                                                                                                                                                                                        </subfield>
  </datafield>
  <datafield tag="022" ind1=" " ind2=" ">
    <subfield code="a">9788176602037</subfield>
    <subfield code="c">Rs.320.00</subfield>
  </datafield>
  <datafield tag="040" ind1=" " ind2=" ">
    <subfield code="a">SEACOMMC</subfield>
  </datafield>
  <datafield tag="100" ind1=" " ind2=" ">
    <subfield code="a"> Oka, Milind M</subfield>
  </datafield>
  <datafield tag="245" ind1="1" ind2=" ">
    <subfield code="a">Management information systems text and cases </subfield>
    <subfield code="c"> Milind M Oka</subfield>
  </datafield>
  <datafield tag="250" ind1=" " ind2=" ">
    <subfield code="a">13th ed.</subfield>
  </datafield>
  <datafield tag="260" ind1=" " ind2=" ">
    <subfield code="a"> Pune</subfield>
    <subfield code="b"> Everest Publishing House </subfield>
    <subfield code="c">2006</subfield>
  </datafield>
  <datafield tag="650" ind1=" " ind2=" ">
    <subfield code="a">Management</subfield>
  </datafield>
  <datafield tag="942" ind1=" " ind2=" ">
    <subfield code="c">BOOK</subfield>
  </datafield>
  <datafield tag="952" ind1=" " ind2=" ">
    <subfield code="0">0</subfield>
    <subfield code="1">0</subfield>
    <subfield code="2">ddc</subfield>
    <subfield code="4">0</subfield>
    <subfield code="7">0</subfield>
    <subfield code="a">SEACOMMC</subfield>
    <subfield code="b">SEACOMMC</subfield>
    <subfield code="d">2007-09-21</subfield>
    <subfield code="l">0</subfield>
    <subfield code="o">658.43088</subfield>
    <subfield code="p">M-27</subfield>
    <subfield code="r">2024-09-11 12:52:02</subfield>
    <subfield code="w">2024-09-11</subfield>
    <subfield code="y">REF</subfield>
  </datafield>
  <datafield tag="952" ind1=" " ind2=" ">
    <subfield code="0">0</subfield>
    <subfield code="1">0</subfield>
    <subfield code="2">ddc</subfield>
    <subfield code="4">0</subfield>
    <subfield code="7">0</subfield>
    <subfield code="a">SEACOMMC</subfield>
    <subfield code="b">SEACOMMC</subfield>
    <subfield code="d">2024-09-11</subfield>
    <subfield code="l">0</subfield>
    <subfield code="o">658.43088</subfield>
    <subfield code="p">M-28</subfield>
    <subfield code="r">2024-09-11 12:53:40</subfield>
    <subfield code="t">1</subfield>
    <subfield code="w">2024-09-11</subfield>
    <subfield code="y">BOOK</subfield>
  </datafield>
  <datafield tag="952" ind1=" " ind2=" ">
    <subfield code="0">0</subfield>
    <subfield code="1">0</subfield>
    <subfield code="2">ddc</subfield>
    <subfield code="4">0</subfield>
    <subfield code="7">0</subfield>
    <subfield code="a">SEACOMMC</subfield>
    <subfield code="b">SEACOMMC</subfield>
    <subfield code="d">2024-09-11</subfield>
    <subfield code="l">0</subfield>
    <subfield code="o">658.43088</subfield>
    <subfield code="p">M-29</subfield>
    <subfield code="r">2024-09-11 12:53:40</subfield>
    <subfield code="t">2</subfield>
    <subfield code="w">2024-09-11</subfield>
    <subfield code="y">BOOK</subfield>
  </datafield>
  <datafield tag="952" ind1=" " ind2=" ">
    <subfield code="0">0</subfield>
    <subfield code="1">0</subfield>
    <subfield code="2">ddc</subfield>
    <subfield code="4">0</subfield>
    <subfield code="7">0</subfield>
    <subfield code="a">SEACOMMC</subfield>
    <subfield code="b">SEACOMMC</subfield>
    <subfield code="d">2024-09-11</subfield>
    <subfield code="l">0</subfield>
    <subfield code="o">658.43088</subfield>
    <subfield code="p">M-30</subfield>
    <subfield code="r">2024-09-11 12:53:40</subfield>
    <subfield code="t">3</subfield>
    <subfield code="w">2024-09-11</subfield>
    <subfield code="y">BOOK</subfield>
  </datafield>
  <datafield tag="952" ind1=" " ind2=" ">
    <subfield code="0">0</subfield>
    <subfield code="1">0</subfield>
    <subfield code="2">ddc</subfield>
    <subfield code="4">0</subfield>
    <subfield code="7">0</subfield>
    <subfield code="a">SEACOMMC</subfield>
    <subfield code="b">SEACOMMC</subfield>
    <subfield code="d">2024-09-11</subfield>
    <subfield code="l">0</subfield>
    <subfield code="o">658.43088</subfield>
    <subfield code="p">M-31</subfield>
    <subfield code="r">2024-09-11 12:53:40</subfield>
    <subfield code="t">4</subfield>
    <subfield code="w">2024-09-11</subfield>
    <subfield code="y">BOOK</subfield>
  </datafield>
  <datafield tag="952" ind1=" " ind2=" ">
    <subfield code="0">0</subfield>
    <subfield code="1">0</subfield>
    <subfield code="2">ddc</subfield>
    <subfield code="4">0</subfield>
    <subfield code="7">0</subfield>
    <subfield code="a">SEACOMMC</subfield>
    <subfield code="b">SEACOMMC</subfield>
    <subfield code="d">2024-09-11</subfield>
    <subfield code="l">0</subfield>
    <subfield code="o">658.43088</subfield>
    <subfield code="p">M-32</subfield>
    <subfield code="r">2024-09-11 12:53:40</subfield>
    <subfield code="t">5</subfield>
    <subfield code="w">2024-09-11</subfield>
    <subfield code="y">BOOK</subfield>
  </datafield>
  <datafield tag="952" ind1=" " ind2=" ">
    <subfield code="0">0</subfield>
    <subfield code="1">0</subfield>
    <subfield code="2">ddc</subfield>
    <subfield code="4">0</subfield>
    <subfield code="7">0</subfield>
    <subfield code="a">SEACOMMC</subfield>
    <subfield code="b">SEACOMMC</subfield>
    <subfield code="d">2024-09-11</subfield>
    <subfield code="l">1</subfield>
    <subfield code="o">658.40388</subfield>
    <subfield code="p">M-33</subfield>
    <subfield code="q">2025-11-20</subfield>
    <subfield code="r">2025-11-06 11:54:06</subfield>
    <subfield code="s">2025-11-06</subfield>
    <subfield code="t">6</subfield>
    <subfield code="w">2024-09-11</subfield>
    <subfield code="y">BOOK</subfield>
  </datafield>
  <datafield tag="999" ind1=" " ind2=" ">
    <subfield code="c">539</subfield>
    <subfield code="d">539</subfield>
  </datafield>
</record>
